Economic evaluation of cattle management in the system of organic farming
Vybrané výsledky výskumného projektu, ktorého súčasťou je i efektívnosť chovu dobytka. Ekonomické hodnotenie chovu dobytka u ekologických podnikateľských subjektov je porovnané s podnikmi hospodáriacimi konvenčným spôsobom a týka sa dvoch vybraných kategórií a to kráv bez trhovej produkcie mlieka a...
Salvato in:
| Autore principale: | |
|---|---|
| Altri autori: | , |
| Natura: | Capitolo di libro |
| Lingua: | inglese |
| Soggetti: | |
| Tags: |
Nessun Tag, puoi essere il primo ad aggiungerne!!
|
MARC
| LEADER | 00000naa$a2200000$$$4500 | ||
|---|---|---|---|
| 001 | 0002045 | ||
| 005 | 20231004092029.6 | ||
| 041 | 0 | |a eng | |
| 044 | |a CZ | ||
| 245 | 1 | 0 | |a Economic evaluation of cattle management in the system of organic farming |c aut. Iva Živělová, Jaroslav Jánský, Petr Novák |
| 520 | |a Vybrané výsledky výskumného projektu, ktorého súčasťou je i efektívnosť chovu dobytka. Ekonomické hodnotenie chovu dobytka u ekologických podnikateľských subjektov je porovnané s podnikmi hospodáriacimi konvenčným spôsobom a týka sa dvoch vybraných kategórií a to kráv bez trhovej produkcie mlieka a chovu dojníc. V náväznosti na výsledky analýz sú formulované návrhy opatrení, ktoré by mali prispieť k podpore ekologicky hospodáriacich podnikov a tým k lepšiemu uspokojeniu zvyšujúceho sa dopytu po biopotravinách. | ||
| 610 | 2 | 0 | |a chov zvierat |
| 610 | 2 | 0 | |a dobytkárstvo |
| 610 | 2 | 0 | |a efektívnosť |
| 610 | 2 | 0 | |a výroba živočíšna |
| 610 | 2 | 0 | |a ekológia |
| 100 | 1 | |a Živělová, Iva | |
| 700 | 1 | |a Jánský, Jaroslav | |
| 700 | 1 | |a Novák, Petr | |